zpět

Detail výsledku týmu

Záležitost - Žižkov, Praha

Datum a čas kvízu

36 Celkem bodů Celkový počet nahraných bodů na tomto kvízu bez doplňovacích otázek.
6. Pořadí na kvízu Konečné umístění týmu na tomto kvízu.

Zaznamenané odpovědi

# Otázka Odpověď Body Výsledky
1. Poblíž které jihočeské obce by... Lety 1
2. Posádka tureckých nízkonáklado... Britové 1
3. Pravděpodobnou podobu významné... sv. Vojtěch (Adalbert) 1
4. V pátek se v pražském hotelu M... mince 0
5. V dohrávce 29. kola fotbalové... Arsenal, 5:0 0
6. Sugo all'amatriciana patří mez... guanciale; pecorino 0.5
7. Napište zakrytou značku zobraz... Kikkoman 0
8. Když se řekne omáčka, určitě s... 15 1
9. Město Worcester dalo jméno jed... C; čertovo lejno 0.5
10. Jak se označuje tato jednoduch... velouté 0